Essays On Entrepreneurs, Innovations, Business Cycles, and the Evolution of Capitalism

Salvato in:
Dettagli Bibliografici
Autore principale: Schumpeter, Joseph A.
Altri autori: Swedberg, Richard
Natura: Libro
Lingua:inglese
Pubblicazione: New Brunswick Transaction Publ. 1989
Edizione:1. ed.
Soggetti:
Tags: Aggiungi Tag
Nessun Tag, puoi essere il primo ad aggiungerne!!

MARC

LEADER 00000nam a2200000 4500
001 c019283
005 20230227122732.3
020 |a 0-88738-764-0 
041 0 |a eng 
044 |a US 
245 1 0 |a Essays  |b On Entrepreneurs, Innovations, Business Cycles, and the Evolution of Capitalism  |c Joseph A. Schumpeter, Richard Swedberg 
250 |a 1. ed. 
264 1 |a New Brunswick  |b Transaction Publ.  |c 1989 
300 |a 341 s. 
610 2 0 |a ekonómia 
610 2 0 |a ekonómia politická kapitalizmu 
610 2 0 |a ekonómia politická marxistická 
610 2 0 |a teórie ekonomické 
610 2 0 |a teórie politické 
610 2 0 |a situácia hospodárska 
610 2 0 |a rast hospodársky 
610 2 0 |a vývoj 
610 2 0 |a podnikatelia 
610 2 0 |a inovácia 
610 2 0 |a cykly hospodárske 
610 2 0 |a kapitalizmus 
610 2 0 |a USA 
100 1 |a Schumpeter, Joseph A. 
700 1 |a Swedberg, Richard